|
|
|
|
| LEADER |
00000nbm0a2200000 4500 |
| 001 |
75575 |
| 005 |
20231031090843.0 |
| 035 |
|
|
|a (RuTPU)RU\TPU\book\80607
|
| 090 |
|
|
|a 75575
|
| 100 |
|
|
|a 20050329d1980 k y0rusy50 ca
|
| 101 |
0 |
|
|a rus
|
| 102 |
|
|
|a RU
|
| 105 |
|
|
|a a m 001zy
|
| 200 |
1 |
|
|a Влияние радиации и низких температур на долговечность эпоксидной изоляции
|e диссертация на соискание ученой степени кандидата технических наук
|e Спец.05.09.02
|f Г.П. Хокайнова
|g Томский политехнический институт; науч.ред. В.С. Дмитриевский
|
| 210 |
|
|
|a Томск
|c [Б. и.]
|d 1980
|
| 215 |
|
|
|a 134 л.
|c ил.
|
| 320 |
|
|
|a Библиогр.: с. 90-102 (назв.121)
|
| 610 |
1 |
|
|a диссертации
|
| 610 |
1 |
|
|a электроизоляция
|
| 610 |
1 |
|
|a радиация
|
| 610 |
1 |
|
|a низкие температуры
|
| 610 |
1 |
|
|a эпоксиды
|
| 610 |
1 |
|
|a полимеры
|
| 610 |
1 |
|
|a методы исследования
|
| 675 |
|
|
|a 621.315.616(048)
|v 3
|
| 686 |
|
|
|a 05.09.02
|2 oksvnk
|
| 700 |
|
1 |
|a Хокайнова
|b Г.П.
|
| 702 |
|
1 |
|a Дмитриевский
|b В.С.
|4 727
|
| 712 |
0 |
2 |
|a Томский политехнический институт
|2 stltpush
|3 (RuTPU)RU\TPU\col\1123
|
| 801 |
|
1 |
|a RU
|b 63413507
|c 20050329
|g PSBO
|
| 942 |
|
|
|c BK
|